ბათუმის შოთა რუსთაველის სახელმწიფო უნივერსიტეტის ბიბლიოთეკა

ინტერნეტ მარკეტინგის განვითარების თავისებურებები საქართველოში / (ბიბ.ჩანაწერი № 57889)

000 -ლიდერი
ფიქსირებული სიგრძის საკონტროლო ველი 01395nam a22002297a 4500
003 - საკონტროლო ნომრის იდენტიფიკატორი
საკონტროლო ველი Ge_BSU
005 - ბოლო ოპერაციის თარიღი და დრო
საკონტროლო ველი 20210325141617.0
008 - ფიქსირებული სიგრძის მონაცემთა ელემენტები - ზოგადი ინფორმაცია
ფიქსირებული სიგრძის საკონტროლო ველი 210325s2018 ge ||||| |||| 00| 0 geo d
041 ## - ენის კოდი
Language code of text/sound track or separate title geo
080 ## - უნივერსალური ათობითი კლასიფიკაციის ინდექსი
Universal Decimal Classification number 33 ბ-52
100 ## - მთავარი ჩანაწერი - პიროვნების სახელი
Personal name ბერიძე, ნათია
9 (RLIN) 5440
245 ## - ცნობა სათაურის შესახებ
Title ინტერნეტ მარკეტინგის განვითარების თავისებურებები საქართველოში /
Remainder of title პრობლემები და პერსპექტივები /
Statement of responsibility, etc ნათია ბერიძე; სამეცნიერო ხელმძღვანელი გელა მამულაძე; ბსუ, ეკონომიკისა და ბიზნესის ფაკულტეტი.
264 ## - წარმოების, გამოცემის, დისტრიბუციის და სხვა ცნობები
გამოცემის, წარმოების, დისტრიბუციის... ადგილი ბათუმი,
გამოცემის, წარმოების, დისტრიბუციის... თარიღი 2018.
300 ## - ფიზიკური აღწერა
Extent 164 გვ.;
Other physical details ცხრ.,
Dimensions 30 სმ.
504 ## - BIBLIOGRAPHY, ETC. NOTE
Bibliography, etc ბიბლიოგრ. გვ. 146-159
653 ## - INDEX TERM--UNCONTROLLED
Uncontrolled term ინტერნეტ მომსახურება
653 ## - INDEX TERM--UNCONTROLLED
Uncontrolled term მონოგრაფია
653 ## - INDEX TERM--UNCONTROLLED
Uncontrolled term დისერტაცია
700 ## - ADDED ENTRY--PERSONAL NAME
Personal name მამულაძე, გელა
Relator term სამეცნიერო ხელმძღვანელი
9 (RLIN) 10759
710 ## - ADDED ENTRY--CORPORATE NAME
Corporate name or jurisdiction name as entry element ბსუ,
Subordinate unit ეკონომიკისა და ბიზნესის ფაკულტეტი.
9 (RLIN) 10751
942 ## - ADDED ENTRY ELEMENTS (KOHA)
Source of classification or shelving scheme
Koha item type წიგნი
ეგზემპლარები
ჩამოწერის სტატუსი დაკარგული ეგზემპლარის სტატუსი კლასიფიკაციის წყარო ან თაროზე გაწყობის სქემა დაზიანების სტატუსი არ გაიცემა მუდმივი მდებარეობა (დაცვის ადგილი) ამჟამინდელი ადგილსამყოფელი თაროზე განთავსების ადგილი შეძენის თარიღი სრული შენახვის შიფრი შტრიხკოდი ბოლო ოპერაციის თარიღი ეგზემპლარის მიმდევრობითი ნომერი (კეტერი?) ფასის ძალაში შესვლის თარიღი ეგზემპლარის სახეობა
          ბათუმის შოთა რუსთაველის სახელმწიფო უნივერსიტეტის მთავარი ბიბლიოთეკა ბათუმის შოთა რუსთაველის სახელმწიფო უნივერსიტეტის მთავარი ბიბლიოთეკა წიგნსაცავი 2021-03-25 33 ბ-52 295 დისერტ. 2021-03-25 295 2021-03-25 დისერტაცია